<?xml version="1.0" encoding="UTF-8"?>
<collection xmlns="http://www.loc.gov/MARC21/slim">
 <record>
  <leader>02317nam a22003252 b4500</leader>
  <controlfield tag="001">4833</controlfield>
  <controlfield tag="003">BD-DhAAL</controlfield>
  <controlfield tag="005">20170413120102.0</controlfield>
  <controlfield tag="007"> </controlfield>
  <controlfield tag="008">150427e20020701vaua    o|||||||| 2|eng|d</controlfield>
  <datafield tag="999" ind1=" " ind2=" ">
   <subfield code="c">34310</subfield>
   <subfield code="d">34310</subfield>
  </datafield>
  <datafield tag="020" ind1=" " ind2=" ">
   <subfield code="a">9780821349533</subfield>
  </datafield>
  <datafield tag="020" ind1=" " ind2=" ">
   <subfield code="a">0821349538 (Trade Paper)</subfield>
   <subfield code="c">USD 35.00 Retail Price (Publisher)</subfield>
  </datafield>
  <datafield tag="024" ind1="3" ind2=" ">
   <subfield code="a">9780821349533</subfield>
  </datafield>
  <datafield tag="040" ind1=" " ind2=" ">
   <subfield code="a">BIP US</subfield>
   <subfield code="d">WaSeSS</subfield>
   <subfield code="d">NIC</subfield>
   <subfield code="d">BD-DhAAL</subfield>
  </datafield>
  <datafield tag="050" ind1=" " ind2="0">
   <subfield code="a">HG178.33.D44R63 2001</subfield>
  </datafield>
  <datafield tag="082" ind1="0" ind2="0">
   <subfield code="a">332.7</subfield>
   <subfield code="2">21</subfield>
  </datafield>
  <datafield tag="100" ind1="1" ind2=" ">
   <subfield code="a">Robinson, Marguerite</subfield>
   <subfield code="e">Author</subfield>
   <subfield code="9">10694</subfield>
  </datafield>
  <datafield tag="245" ind1="1" ind2="4">
   <subfield code="a">The microfinance revolution,</subfield>
   <subfield code="n">vol. 2 :</subfield>
   <subfield code="b">lessons from Indonesia</subfield>
  </datafield>
  <datafield tag="260" ind1=" " ind2=" ">
   <subfield code="a">Washington : </subfield>
   <subfield code="b">World Bank Publications,</subfield>
   <subfield code="c">2002</subfield>
  </datafield>
  <datafield tag="300" ind1=" " ind2=" ">
   <subfield code="a">1 online resource.</subfield>
  </datafield>
  <datafield tag="490" ind1=" " ind2=" ">
   <subfield code="a">Other World Bank Bks.</subfield>
  </datafield>
  <datafield tag="506" ind1=" " ind2=" ">
   <subfield code="a">License restrictions may limit access.</subfield>
  </datafield>
  <datafield tag="520" ind1="8" ind2=" ">
   <subfield code="a">The revolution occurring in finance for low-income people refers to commercial microfinance--the delivery of financial services to the economically active poor on a large scale through competing, financially self-sufficient institutions. 'Lessons from Indonesia', volume 2 of 'The Microfinance Revolution', examines in the Indonesian context the principles and practices of commercial microfinance that were explored and analyzed in volume 1. The first country to develop profitable microfinance on a large scale, Indonesia is home to the world's oldest and largest commercial microfinance institutions, as well as many others.The book examines many financial institutions, with a special emphasis on Bank Rakyat Indonesia's microbanking system, which in the mid-1980s was transformed from a failed subsidized credit program to a nationwide commercial financial intermediary that now profitably provides microfinance services--savings and credit--to more than 20 million people. Commercial microbanking remained stable and profitable in Indonesia even as the country's financial system collapsed during the recent crisis. This volume shows why, and offers crucial lessons for developing countries everywhere.</subfield>
  </datafield>
  <datafield tag="521" ind1=" " ind2=" ">
   <subfield code="a">Scholarly &amp; Professional</subfield>
   <subfield code="b">World Bank Publications</subfield>
  </datafield>
  <datafield tag="541" ind1=" " ind2=" ">
   <subfield code="e">4833</subfield>
  </datafield>
  <datafield tag="650" ind1=" " ind2="4">
   <subfield code="a">Finance</subfield>
   <subfield code="9">10695</subfield>
  </datafield>
  <datafield tag="652" ind1=" " ind2="4">
   <subfield code="a">Business &amp; Economics</subfield>
   <subfield code="x">Finance</subfield>
  </datafield>
  <datafield tag="942" ind1=" " ind2=" ">
   <subfield code="2">ddc</subfield>
   <subfield code="c">BK</subfield>
  </datafield>
  <datafield tag="952" ind1=" " ind2=" ">
   <subfield code="0">0</subfield>
   <subfield code="1">0</subfield>
   <subfield code="2">ddc</subfield>
   <subfield code="4">0</subfield>
   <subfield code="6">332_700000000000000_ROB</subfield>
   <subfield code="7">0</subfield>
   <subfield code="9">53566</subfield>
   <subfield code="a">SCL</subfield>
   <subfield code="b">SCL</subfield>
   <subfield code="c">GEN</subfield>
   <subfield code="d">2015-04-27</subfield>
   <subfield code="l">0</subfield>
   <subfield code="o">332.7 ROB</subfield>
   <subfield code="p">3020004833</subfield>
   <subfield code="r">2015-04-27</subfield>
   <subfield code="t">1</subfield>
   <subfield code="w">2015-04-27</subfield>
   <subfield code="y">BK</subfield>
  </datafield>
 </record>
</collection>
